000 00370nac a22001451ca4500
001 a75022
008 170707s1973 gw |||| 000u ger d
245 0 0 _aStudien zur Sozialgeschichte und Philosophie der Bildung
264 _aMünchen :
_bList,
_c1973-
942 _cMG
040 _cRU-10907106
003 RU-10907106
999 _c26298
_d26298
490 0 _aErziehungswissenschaft